<?xml version="1.0" encoding="UTF-8"?><?xml-stylesheet type="text/xsl" href="static/style.xsl"?><OAI-PMH xmlns="http://www.openarchives.org/OAI/2.0/" xmlns:xsi="http://www.w3.org/2001/XMLSchema-instance" xsi:schemaLocation="http://www.openarchives.org/OAI/2.0/ http://www.openarchives.org/OAI/2.0/OAI-PMH.xsd"><responseDate>2026-04-17T12:14:21Z</responseDate><request verb="GetRecord" identifier="oai:www.recercat.cat:2072/454377" metadataPrefix="marc">https://recercat.cat/oai/request</request><GetRecord><record><header><identifier>oai:recercat.cat:2072/454377</identifier><datestamp>2026-01-22T20:20:31Z</datestamp><setSpec>com_2072_98</setSpec><setSpec>col_2072_378196</setSpec></header><metadata><record xmlns="http://www.loc.gov/MARC21/slim" xmlns:dcterms="http://purl.org/dc/terms/" xmlns:xsi="http://www.w3.org/2001/XMLSchema-instance" xmlns:doc="http://www.lyncode.com/xoai" xsi:schemaLocation="http://www.loc.gov/MARC21/slim http://www.loc.gov/standards/marcxml/schema/MARC21slim.xsd">
   <leader>00925njm 22002777a 4500</leader>
   <datafield ind2=" " ind1=" " tag="042">
      <subfield code="a">dc</subfield>
   </datafield>
   <datafield ind2=" " ind1=" " tag="720">
      <subfield code="a">Ludeña Zumbach, Julia</subfield>
      <subfield code="e">author</subfield>
   </datafield>
   <datafield ind2=" " ind1=" " tag="720">
      <subfield code="a">Universitat Autònoma de Barcelona. Facultat de Traducció i d'Interpretació</subfield>
      <subfield code="e">author</subfield>
   </datafield>
   <datafield ind2=" " ind1=" " tag="720">
      <subfield code="a">Universitat Autònoma de Barcelona. Escola FUAB Formació (FUABf)</subfield>
      <subfield code="e">author</subfield>
   </datafield>
   <datafield ind2=" " ind1=" " tag="260">
      <subfield code="c">2023</subfield>
   </datafield>
   <datafield ind2=" " ind1=" " tag="520">
      <subfield code="a">Este trabajo investigó la eficacia de la mnemotecnia depalabras clave para estudiantes hispanohablantes aprendiendo chino. Se utilizó un enfoque mixto cuantitativo y cualitativo. El primer experimento consistió en la aplicación de la mnemotecnia en una clase de chino de secundaria. El segundo experimento se realizó en forma de entrevista con una aprendiz de chino. En el primer experimento, los grupos experimentales obtuvieron puntuaciones significativamente más altas en el test de recuerdo. El segundo experimento proporcionó una comprensión más matizada de la aplicación de esta estrategia, así como de problemas específicos que pueden tener los alumnos al aplicar este método.</subfield>
   </datafield>
   <datafield ind2=" " ind1=" " tag="520">
      <subfield code="a">本文研究了关键词法对西班牙语者学习汉语的有效性。采用定量和定性方法。第一实验在汉语课堂中实施关键词法。第二实验通过与一位学生进行访谈。在第一实验中，实验组在回忆测试中得分显著较高。第二实验深入了解了这一策略的应用。.</subfield>
   </datafield>
   <datafield ind2=" " ind1=" " tag="520">
      <subfield code="a">This paper researched the effectiveness of the keyword mnemonic for Spanish-speaking students learning Chinese. A mixed quantitative and qualitative approach was used. The first experiment consisted of the implementation of the keyword mnemonic in a secondary school Chinese class. The second experiment was conducted in the form of an interview with a Spanish-speaking Chinese learner. In the first experiment, the experimental groups scored significantly higher on the recall test. The second experiment provided a more nuanced understanding of the application of this learning strategy as well as specific issues that Spanish-speaking Chinese learners may face when applying this method.</subfield>
   </datafield>
   <datafield tag="653" ind2=" " ind1=" ">
      <subfield code="a">Mnemotecnia de la palabra clave</subfield>
   </datafield>
   <datafield tag="653" ind2=" " ind1=" ">
      <subfield code="a">Plurilingüismo</subfield>
   </datafield>
   <datafield tag="653" ind2=" " ind1=" ">
      <subfield code="a">Chino como lengua extranjera</subfield>
   </datafield>
   <datafield tag="653" ind2=" " ind1=" ">
      <subfield code="a">Estrategia de aprendizaje</subfield>
   </datafield>
   <datafield tag="653" ind2=" " ind1=" ">
      <subfield code="a">Vocabulario</subfield>
   </datafield>
   <datafield ind2="0" ind1="0" tag="245">
      <subfield code="a">Reglas mnemotécnicas con un enfoque plurilingüe: el uso de la mnemotecnia de la palabra clave para aprender vocabulario en el aprendizaje de chino como lengua extranjera</subfield>
   </datafield>
</record></metadata></record></GetRecord></OAI-PMH>